ბათუმის შოთა რუსთაველის სახელმწიფო უნივერსიტეტის ბიბლიოთეკა

ჰუმანიტარული მეცნიერებები ინფორმაციულ საზოგადოებაში I. Humanities in the information society (ბიბ.ჩანაწერი № 51129)

000 -LEADER
fixed length control field 01497nam a2200277Ia 4500
001 - CONTROL NUMBER
control field 18086
003 - CONTROL NUMBER IDENTIFIER
control field GE_BSU
008 - FIXED-LENGTH DATA ELEMENTS--GENERAL INFORMATION
fixed length control field 181216s||||||||xx |||||||||||||| ||und||
020 ## - INTERNATIONAL STANDARD BOOK NUMBER
International Standard Book Number 9789941409912. ISSN 1987-7625
040 ## - CATALOGING SOURCE
Transcribing agency GE_BSU
080 ## - UNIVERSAL DECIMAL CLASSIFICATION NUMBER
Universal Decimal Classification number 811.353.1(063)+378.7
245 ## - TITLE STATEMENT
Title ჰუმანიტარული მეცნიერებები ინფორმაციულ საზოგადოებაში I. Humanities in the information society
245 ## - TITLE STATEMENT
Remainder of title საერთაშორისო კონფერენციის მასალები.
245 ## - TITLE STATEMENT
Statement of responsibility, etc. რედ. მ. გიორგაძე
250 ## - EDITION STATEMENT
Edition statement შოთა რუსთაველის სახ. უნ-ტი. ჰუმანიტარულ მეცნიერებათა ფაკ-ტი
260 ## - PUBLICATION, DISTRIBUTION, ETC.
Place of publication, distribution, etc. ბათუმი
260 ## - PUBLICATION, DISTRIBUTION, ETC.
Name of publisher, distributor, etc. შოთა რუსთაველის სახელმწ. უნ-ტი
260 ## - PUBLICATION, DISTRIBUTION, ETC.
Date of publication, distribution, etc. 2009
300 ## - PHYSICAL DESCRIPTION
Extent 533გვ.30სმ.
520 ## - SUMMARY, ETC.
Summary, etc. წინას. ინგლ.ენ. გარეკ და თავფ. ქართ. და ინგლ.
653 ## - INDEX TERM--UNCONTROLLED
Uncontrolled term Humanities in the information society
653 ## - INDEX TERM--UNCONTROLLED
Uncontrolled term საერთაშორისო კონფერენციის მასალები
653 ## - INDEX TERM--UNCONTROLLED
Uncontrolled term ჰუმანიტარული მეცნიერებები ინფორმაციულ საზოგადოებაში. I
942 ## - ADDED ENTRY ELEMENTS (KOHA)
Koha item type წიგნი
ეგზემპლარები
Withdrawn status Lost status Damaged status Not for loan Date acquired Barcode Date last seen Price effective from Koha item type Public note
        2018-12-17 46163 2018-12-17 2018-12-17 წიგნი  
        2018-12-17 46164 2018-12-17 2018-12-17 წიგნი  
        2018-12-17 46165 2018-12-17 2018-12-17 წიგნი  
        2018-12-17 46166 2018-12-17 2018-12-17 წიგნი  
        2018-12-17 46167 25ლ. 2018-12-17 2018-12-17 წიგნი 25ლ.
        2018-12-17 46168 25ლ. 2018-12-17 2018-12-17 წიგნი 25ლ.
        2018-12-17 46169 25ლ. 2018-12-17 2018-12-17 წიგნი 25ლ.